LEADER 03634oam 22007574a 450 001 9910955990903321 005 20250628110036.0 010 $a0-8147-6507-6 024 7 $a10.18574/nyu/9780814765074 035 $a(CKB)2670000000167821 035 $a(EBL)865775 035 $a(OCoLC)780425923 035 $a(SSID)ssj0000607367 035 $a(PQKBManifestationID)11444948 035 $a(PQKBTitleCode)TC0000607367 035 $a(PQKBWorkID)10584688 035 $a(PQKB)11288703 035 $a(OCoLC)798295907 035 $a(MdBmJHUP)muse10530 035 $a(MiAaPQ)EBC865775 035 $a(DE-B1597)547350 035 $a(DE-B1597)9780814765074 035 $a(ODN)ODN0002936616 035 $a(EXLCZ)992670000000167821 100 $a20070223d2007 uy 0 101 0 $aeng 135 $aur|n|---||||| 181 $ctxt 182 $cc 183 $acr 200 14$aThe Latino Body $eCrisis Identities in American Literary and Cultural Memory /$fLa?zaro Lima 205 $a1st ed. 210 $d2007 210 1$aNew York ;$aLondon :$cNew York University Press,$d[2007] 210 4$d©2007 215 $a1 online resource (245 p.) 225 1 $aSexual Cultures 300 $aDescription based upon print version of record. 311 08$a0-8147-5215-2 311 08$a0-8147-5214-4 320 $aIncludes bibliographical references (p. 201-213) and index. 327 $a"The American Congo" and the national symbolic -- Negotiating cultural memory in the aftermath of the Mexican-American war : nineteenth-century Mexican American testimonials and The squatter and the don -- Reading the corpus delicti : Toma?s Rivera's Earth and the Chicano body in the public sphere -- The institutionalization of Latino literature in the academy : Cabeza de Vaca's Castaways and the crisis of legitimation -- Practices of freedom : the body re-membered in contemporary Latino writing -- Democracy's graveyard : dead citizenship and the Latino body. 330 $aThe Latino Body tells the story of the United States Latino body politic and its relation to the state: how the state configures Latino subjects and how Latino subjects have in turn altered the state. La?zaro Lima charts the interrelated groups that define themselves as Latinos and examines how these groups have responded to calls for unity and nationally shared conceptions of American cultural identity. He contends that their responses, in times of cultural or political crisis, have given rise to profound cultural transformations, enabling the so-called "Latino subject" to emerge. Analyzing a 410 0$aSexual Cultures 606 $aMexican American literature (Spanish)$xHistory and criticism 606 $aChicano movement 606 $aMexican Americans in literature 606 $aMexican Americans$xHistoriography 606 $aMexican Americans$xEthnic identity 606 $aAmerican literature$xMexican American authors$xHistory and criticism 608 $aElectronic books. 615 0$aMexican American literature (Spanish)$xHistory and criticism. 615 0$aChicano movement. 615 0$aMexican Americans in literature. 615 0$aMexican Americans$xHistoriography. 615 0$aMexican Americans$xEthnic identity. 615 0$aAmerican literature$xMexican American authors$xHistory and criticism. 676 $a810.9/86872073 686 $aSOC032000$aSOC044000$2bisacsh 700 $aLima$b La?zaro$01829845 801 0$bMdBmJHUP 801 1$bMdBmJHUP 906 $aBOOK 912 $a9910955990903321 996 $aThe Latino Body$94399961 997 $aUNINA LEADER 03556nam 22006855 450 001 9910728949903321 005 20260331145906.0 010 $a981-9901-47-2 024 7 $a10.1007/978-981-99-0147-0 035 $a(MiAaPQ)EBC7254945 035 $a(Au-PeEL)EBL7254945 035 $a(OCoLC)1381094167 035 $a(DE-He213)978-981-99-0147-0 035 $a(BIP)087248527 035 $a(PPN)270618783 035 $a(CKB)26815437700041 035 $a(EXLCZ)9926815437700041 100 $a20230531d2023 u| 0 101 0 $aeng 135 $aurcnu|||||||| 181 $ctxt$2rdacontent 182 $cc$2rdamedia 183 $acr$2rdacarrier 200 12$aA Gentle Introduction to Group Theory /$fby Bana Al Subaiei, Muneerah Al Nuwairan 205 $a1st ed. 2023. 210 1$aSingapore :$cSpringer Nature Singapore :$cImprint: Springer,$d2023. 215 $a1 online resource (429 pages) 311 08$aPrint version: Al Subaiei, Bana A Gentle Introduction to Group Theory Singapore : Springer,c2023 9789819901463 320 $aIncludes bibliographical references and index. 327 $aBackground Results in Set Theory -- Algebraic Operations on Integers -- The Integers Modulo -- Semigroups -- Groups -- The Symmetric Group -- Subgroups -- Groups Homomorphisms and Isomorphic Groups -- Classification of Finite Abelian Groups -- Group Theory and SageMath. 330 $aThe book is intended to serve as an introductory course in group theory geared towards second-year university students. It aims to provide them with the background needed to pursue more advanced courses in algebra and to provide a rich source of examples and exercises. Studying group theory began in the late eighteenth century and is still gaining importance due to its applications in physics, chemistry, geometry, and many fields in mathematics. The text is broadly divided into three parts. The first part establishes the prerequisite knowledge required to study group theory. This includes topics in set theory, geometry, and number theory. Each of the chapters ends with solved and unsolved exercises relating to the topic. By doing this, the authors hope to fill the gaps between all the branches in mathematics that are linked to group theory. The second part is the core of the book which discusses topics on semigroups, groups, symmetric groups, subgroups, homomorphisms, isomorphism, and Abelian groups. The last part of the book introduces SAGE, a mathematical software that is used to solve group theory problems. Here, most of the important commands in SAGE are explained, and many examples and exercises are provided. 606 $aGroup theory 606 $aAlgebra 606 $aComputer software 606 $aSet theory 606 $aGroup Theory and Generalizations 606 $aAlgebra 606 $aMathematical Software 606 $aSet Theory 606 $aTeoria de grups$2thub 608 $aLlibres electrònics$2thub 615 0$aGroup theory. 615 0$aAlgebra. 615 0$aComputer software. 615 0$aSet theory. 615 14$aGroup Theory and Generalizations. 615 24$aAlgebra. 615 24$aMathematical Software. 615 24$aSet Theory. 615 7$aTeoria de grups. 676 $a512.2 700 $aAl Subaiei$b Bana$01363629 702 $aAl Nuwairan$b Muneerah 801 0$bMiAaPQ 801 1$bMiAaPQ 801 2$bMiAaPQ 906 $aBOOK 912 $a9910728949903321 996 $aA Gentle Introduction to Group Theory$93384474 997 $aUNINA